| 000 | 00589nam a2200169Ia 4500 | ||
|---|---|---|---|
| 003 | GCL | ||
| 008 | 140319s9999 xx 000 0 ara d | ||
| 040 |
_aGCL / _cGCL |
||
| 082 | 0 | 4 |
_a189.9 _bم م |
| 100 | 1 | _aمحمد رضا اللواتى | |
| 245 | 1 | 0 |
_aالمعرفة والنفس والالوهية فى الفلسفة الاسلامية والمدارس الفلسفية الاخرى / _cمحمد رضا اللواتى |
| 300 | _a193 ص | ||
| 490 | _a | ||
| 650 | 0 | 4 | _aالفلسفة الاسلامية |
| 650 | 0 | 4 | _aالفلسفة الاسلامية - تاريخ |
| 942 |
_2ddc _cBK |
||
| 999 |
_c38877 _d38877 |
||